Vocabulaire de la liturgie de la messe - Statistiques

Statistiques générales
  • Ce quiz a été pris 51 fois
  • Le résultat moyen est 5 sur 12
Statistiques - réponses
Indices Réponses % Correct
Vase sacré dans lequel est consacré le vin lors de la messe. Calice
79%
Pain sans levain consacré pour devenir le corps du Christ. Hostie
76%
La patène est une petite coupelle en métal utilisée à la messe pour porter l’hostie consacrée. Patène
55%
Vase sacré en forme de coupe, où l'on conserve les hosties. Ciboire
50%
Grain que l'on positionne au sein du charbon. Encens
42%
Petit récipient (souvent en verre ou en métal) utilisé lors de la messe pour contenir l’eau et le vin. Burettes
32%
Pupitre surélevé d'où sont lues les lectures bibliques ou prononcées les homélies. Ambon
26%
Tissu sur lequel se déroule la consécration. Corporal
24%
Petite boîte qui sert à garder et transporter les hosties consacrées. Custode
21%
Linge sacré avec lequel le prêtre s'essuie les mains le lavabo. Manuterge
18%
Linge sacré destiné à purifier le calice. Purificatoire
18%
Petit carré rigide utilisé pour recouvrir un vase sacré pendant la messe. Pale
16%
Aucun quiz correspondant
Distribution des résultats
% des personnes avec chaque résultat
Percentile par nombre de réponses
Votre historique - résultats
Vous n’avez pas pris ce quiz